[Event "SLO-ch U16"]
[Site "Bled"]
[Date "2015.02.26"]
[Round "9"]
[White "Znidaric, Anze"]
[Black "Zamar Kodelja, Jurij"]
[Result "1-0"]
[WhiteElo "2007"]
[BlackElo "2058"]
[PlyCount "85"]
[EventDate "2015.02.21"]
[EventType "swiss"]
[EventRounds "9"]
[EventCountry "SLO"]
[SourceTitle "EXT 2023"]
[Source "ChessBase"]
[SourceDate "2022.10.05"]
[SourceVersion "1"]
[SourceVersionDate "2022.10.05"]
[SourceQuality "1"]

1. Nf3 Nf6 2. c4 c5 3. Nc3 e6 4. g3 d5 5. cxd5 exd5 6. d4 Nc6 7. Bg2 Be7 8. 0-0 0-0 9. Bg5 cxd4 10. Nxd4 h6 11. Bf4 Qb6 12. Nxc6 bxc6 13. Qc2 Ba6 14. Rac1 Rad8 15. Rfd1 Ng4 16. Rf1 Bf6 17. Na4 Qa5 18. b3 Rfe8 19. Bf3 Ne5 20. Bxe5 Rxe5 21. Nc5 Bc8 22. Nd3 Re7 23. Qxc6 Qxa2 24. Nb4 Qxb3 25. Nxd5 Re6 26. Nxf6+ Rxf6 27. Qa8 Qe6 28. Bb7 Bxb7 29. Qxd8+ Kh7 30. Qd3+ g6 31. Rc7 Bd5 32. Rxa7 Qc6 33. Qe3 h5 34. Rc1 Qb5 35. Rac7 Qa4 36. Rc8 Re6 37. Qc3 f6 38. Qc7+ Kh6 39. Rh8+ Kg5 40. Qf4+ Qxf4 41. gxf4+ Kxf4 42. Rd1 Re5 43. Rd4+ 1-0

[Event "SLO-ch U16"]
[Site "Bled"]
[Date "2015.02.24"]
[Round "6"]
[White "Znidaric, Anze"]
[Black "Dobrovoljc, Vid"]
[Result "0-1"]
[WhiteElo "2007"]
[BlackElo "1807"]
[PlyCount "70"]
[EventDate "2015.02.21"]
[EventType "swiss"]
[EventRounds "9"]
[EventCountry "SLO"]
[SourceTitle "EXT 2023"]
[Source "ChessBase"]
[SourceDate "2022.10.05"]
[SourceVersion "1"]
[SourceVersionDate "2022.10.05"]
[SourceQuality "1"]

1. Nf3 Nf6 2. d4 c5 3. c4 e6 4. g3 cxd4 5. Nxd4 d5 6. Bg2 Bb4+ 7. Bd2 Bxd2+ 8. Nxd2 e5 9. N4b3 d4 10. 0-0 Nc6 11. f4 Ng4 12. Bxc6+ bxc6 13. Qb1 Ne3 14. Rf2 Bf5 15. Ne4 Qe7 16. Nbd2 0-0 17. b4 exf4 18. Rxf4 g5 19. Rxf5 Nxf5 20. Nf3 f6 21. c5 Rae8 22. Nfd2 Ng7 23. Qb3+ Kh8 24. Re1 f5 25. Nd6 Qe3+ 26. Qxe3 Rxe3 27. N2c4 Re6 28. Na5 Ne8 29. Ndb7 Nf6 30. a4 a6 31. Rc1 f4 32. Nd6 Rxe2 33. Nxc6 d3 34. Kf1 fxg3 35. hxg3 Ng4+ 0-1

[Event "SLO-ch U16"]
[Site "Bled"]
[Date "2015.02.22"]
[Round "4"]
[White "Znidaric, Anze"]
[Black "Gasparac, Gregor"]
[Result "1/2-1/2"]
[WhiteElo "2007"]
[BlackElo "1729"]
[PlyCount "76"]
[EventDate "2015.02.21"]
[EventType "swiss"]
[EventRounds "9"]
[EventCountry "SLO"]
[SourceTitle "EXT 2023"]
[Source "ChessBase"]
[SourceDate "2022.10.05"]
[SourceVersion "1"]
[SourceVersionDate "2022.10.05"]
[SourceQuality "1"]

1. Nf3 Nf6 2. d4 g6 3. g3 Bg7 4. Bg2 0-0 5. c4 d6 6. 0-0 Nc6 7. Nc3 a6 8. h3 Rb8 9. Be3 b5 10. Nd2 Bd7 11. Rc1 Na5 12. cxb5 axb5 13. b4 Nc4 14. Nxc4 bxc4 15. b5 d5 16. a4 c6 17. Bf4 Rc8 18. Rb1 Qb6 19. Be5 Qa5 20. Qe1 Qa7 21. b6 Qb7 22. a5 Bf5 23. a6 Qxa6 24. b7 Rb8 25. Ra1 Qxb7 26. Bxb8 Rxb8 27. Qd2 h5 28. f3 Qc7 29. g4 hxg4 30. hxg4 Bxg4 31. fxg4 Nxg4 32. Rf3 Qh2+ 33. Kf1 Qh4 34. Kg1 Qh2+ 35. Kf1 Qh4 36. Kg1 Qh2+ 37. Kf1 Qh4 38. Kg1 Qh2+ 1/2-1/2

[Event "Nova Gorica op-A 20th"]
[Site "Nova Gorica"]
[Date "2015.02.03"]
[Round "7"]
[White "Srebrnic, Vojko"]
[Black "Znidaric, Anze"]
[Result "1/2-1/2"]
[WhiteElo "2217"]
[BlackElo "2007"]
[PlyCount "82"]
[EventDate "2015.01.30"]
[EventType "swiss"]
[EventRounds "9"]
[EventCountry "SLO"]
[SourceTitle "CBM 164 Extra"]
[Source "ChessBase"]
[SourceDate "2015.03.02"]
[SourceVersion "1"]
[SourceVersionDate "2015.03.02"]
[SourceQuality "1"]

1. f4 d5 2. Nf3 c5 3. g3 Nf6 4. Bg2 e6 5. d3 Be7 6. 0-0 0-0 7. e3 Nc6 8. Qe2 b5 9. c3 Qb6 10. Nbd2 Bb7 11. b3 Rfd8 12. Ne5 d4 13. exd4 cxd4 14. c4 Nxe5 15. fxe5 Bxg2 16. Kxg2 Nd7 17. cxb5 Qxb5 18. Nc4 Qd5+ 19. Qf3 Qxf3+ 20. Kxf3 f6 21. exf6 Bxf6 22. Ba3 Rac8 23. Rae1 Rc6 24. Re2 Nb6 25. Nxb6 axb6 26. Rc1 Rxc1 27. Bxc1 Rc8 28. Bb2 Kf7 29. Ke4 e5 30. Kf3 b5 31. Ba3 Ke6 32. Ke4 h5 33. Rf2 h4 34. g4 Bg5 35. h3 Bf4 36. Bb2 g5 37. Ba3 Rc7 38. Bb2 Rc8 39. Ba3 Rc6 40. Bb2 Rc7 41. Ba3 Rc8 1/2-1/2

[Event "Nova Gorica op-A 20th"]
[Site "Nova Gorica"]
[Date "2015.01.31"]
[Round "2"]
[White "Znidaric, Anze"]
[Black "Saccone, Giovanni"]
[Result "1-0"]
[WhiteElo "2007"]
[BlackElo "1551"]
[PlyCount "64"]
[EventDate "2015.01.30"]
[EventType "swiss"]
[EventRounds "9"]
[EventCountry "SLO"]
[SourceTitle "CBM 164 Extra"]
[Source "ChessBase"]
[SourceDate "2015.03.02"]
[SourceVersion "1"]
[SourceVersionDate "2015.03.02"]
[SourceQuality "1"]

1. d4 g6 2. Nf3 e6 3. g3 Bg7 4. Bg2 c6 5. c4 Ne7 6. 0-0 d5 7. Nbd2 Nf5 8. e3 0-0 9. b3 b5 10. Bb2 a5 11. cxb5 cxb5 12. Qc2 Bb7 13. Rfc1 Na6 14. Qd3 Qb6 15. g4 Nb4 16. Qe2 Ne7 17. Ba3 Nbc6 18. Bc5 Qa6 19. Rf1 Rfe8 20. a4 Rac8 21. axb5 Qa8 22. bxc6 Rxc6 23. b4 a4 24. Qd1 f5 25. Qxa4 fxg4 26. Qxa8 Rxa8 27. Rxa8+ Bxa8 28. Ra1 gxf3 29. Rxa8+ Kf7 30. b5 Rc7 31. b6 Rxc5 32. dxc5 Nc6 1-0